00608nam a22001217a 4500008004100000100002500041245001700066260001300083300003400096520029000130650005300420773001300473231016b ||||| |||| 00| 0 eng d aYadav, Sajjan Singh  aUnity malls  aYojana  a67(10), Oct, 2023: p.41-46  aUnity-malls a unique initiative of the government of India, is poised to play pivotal roles in fostering economic development, providing citizens with recreational spaces, enhancing tourism, and celebrating the rich cultural heritage of our diverse and unique nation. – Reproduced  aRecreational spaces, Tourism, Cultural heritage aYojana